[Event "MCR mladeze 2014, H14"]
[Site "Kouty nad Desnou"]
[Date "2014.03.10"]
[Round "3"]
[White "Pulpan, Matej"]
[Black "Jurasek, Vojtech"]
[Result "1/2-1/2"]
[WhiteElo "1774"]
[BlackElo "1498"]
[PlyCount "79"]
[EventDate "2014.??.??"]

1. e4 c5 2. c3 d5 3. exd5 Qxd5 4. d4 Nf6 5. Nf3 Nc6 6. Be3 Ng4 7. Qd2 Bf5 8. c4
Qd6 9. dxc5 Qxd2+ 10. Bxd2 e6 11. h3 Nge5 12. Nxe5 Nxe5 13. Be3 Rc8 14. b4 b6
15. cxb6 Bxb4+ 16. Nd2 axb6 17. Bxb6 Nxc4 18. Bxc4 Rxc4 19. Ke2 Rc2 20. Be3 Ke7
21. Rhc1 Ra8 22. Rxc2 Bxc2 23. Bd4 f6 24. Bb2 Rd8 25. Nf3 Bd3+ 26. Ke3 e5 27.
a4 Bc5+ 28. Kd2 Bf1+ 29. Ke1 Bxg2 30. Ba3 Bxa3 31. Rxa3 Bxf3 32. Rxf3 Ra8 33.
Rg3 Kf7 34. Ra3 Ra5 35. Kd2 f5 36. Kc3 Ke6 37. Kb4 Ra8 38. a5 Kd6 39. a6 Kc7
40. Ra5 1/2-1/2

[Event "MCR mladeze 2014, H14"]
[Site "Kouty nad Desnou"]
[Date "2014.03.10"]
[Round "3"]
[White "Kriz, Vojtech"]
[Black "Steinbauer, Filip"]
[Result "0-1"]
[WhiteElo "1565"]
[BlackElo "1637"]
[PlyCount "116"]
[EventDate "2014.??.??"]

1. e4 c5 2. Nf3 d6 3. d4 cxd4 4. Nxd4 Nf6 5. Nc3 g6 6. Be3 Bg7 7. Bc4 O-O 8. f3
Nc6 9. Qd2 Bd7 10. O-O-O Rc8 11. Bb3 Ne5 12. h4 Nc4 13. Bxc4 Rxc4 14. h5 Nxh5
15. g4 Nf6 16. Bh6 Bxh6 17. Qxh6 Qa5 18. Nb3 Qd8 19. Nd5 Re8 20. Nxf6+ exf6 21.
Qxh7+ Kf8 22. Qh2 Qc7 23. Qxd6+ Qxd6 24. Rxd6 Ke7 25. Rhd1 Be6 26. R6d2 Rec8
27. Re1 R8c7 28. Nd4 Rc8 29. Nxe6 fxe6 30. c3 Rh8 31. Red1 Rc7 32. Kc2 Rh3 33.
Rd3 Rh8 34. Kb3 g5 35. Re3 Rc5 36. Rd4 Rc7 37. e5 f5 38. gxf5 exf5 39. Rd6 Rg8
40. Rf6 f4 41. Re2 Rc5 42. Rh6 Rg7 43. Rd6 Rxe5 44. Rxe5+ Kxd6 45. Re4 Re7 46.
Rd4+ Ke5 47. Kc2 Kf5 48. Rd5+ Re5 49. Rd8 Re2+ 50. Kb3 Re3 51. Rd5+ Kg6 52. Rd7
Rxf3 53. Rxb7 g4 54. Rxa7 g3 55. Ra8 Kf5 56. a4 g2 57. Rg8 Rg3 58. Rf8+ Ke4 0-1

[Event "MCR mladeze 2014, H14"]
[Site "Kouty nad Desnou"]
[Date "2014.03.10"]
[Round "3"]
[White "Vraj, Karel"]
[Black "Zitny, Michal"]
[Result "1-0"]
[WhiteElo "1593"]
[BlackElo "1566"]
[PlyCount "137"]
[EventDate "2014.??.??"]

1. e4 c6 2. d4 d5 3. exd5 cxd5 4. Bd3 Nc6 5. c3 Nf6 6. h3 g6 7. Nf3 Bf5 8. Bf4
Bxd3 9. Qxd3 Bg7 10. O-O O-O 11. Nbd2 e6 12. Rfe1 Re8 13. Nb3 Ne4 14. Nbd2 f5
15. Qb5 a6 16. Qxb7 Na5 17. Qb4 Bf8 18. Qa4 Nb7 19. Nxe4 fxe4 20. Ne5 Qf6 21.
Bg3 Bd6 22. Qc6 Qe7 23. Qa4 Qc7 24. Rac1 Qa5 25. Qc2 Rec8 26. a3 Qb5 27. Rb1
Rab8 28. Qd1 Qe8 29. Qd2 Qe7 30. Qh6 Qg7 31. Qxg7+ Kxg7 32. Nd7 Bxg3 33. fxg3
Nd6 34. Nxb8 Rxb8 35. a4 Nf5 36. g4 Nd6 37. Kf2 Nc4 38. Kg3 g5 39. b4 Nd2 40.
Ra1 Rc8 41. Re3 Nc4 42. Re2 Nb6 43. Rc2 Nc4 44. Kf2 Nd6 45. Rb1 Rb8 46. Ke2 Nc4
47. Rb3 a5 48. b5 Nb6 49. Ra3 Nc4 50. Ra1 Nb6 51. c4 dxc4 52. Ke3 Rf8 53. Kxe4
Rd8 54. Rac1 Kf7 55. Rf2+ Ke7 56. Rfc2 Rc8 57. Ke5 Rc7 58. Ke4 Rc8 59. g3 h6
60. h4 Rc7 61. hxg5 hxg5 62. Rh1 Kd6 63. Rh5 Rg7 64. Rh8 Kd7 65. Rb8 Kc7 66.
Rxb6 Kxb6 67. Rxc4 Rd7 68. Rc6+ Kb7 69. Rxe6 1-0

[Event "MCR mladeze 2014, H14"]
[Site "Kouty nad Desnou"]
[Date "2014.03.11"]
[Round "4"]
[White "Liska, Jiri"]
[Black "Hurdzan, Tomas"]
[Result "1-0"]
[WhiteElo "1911"]
[BlackElo "1866"]
[PlyCount "75"]
[EventDate "2014.??.??"]

1. Nf3 Nf6 2. d4 g6 3. g3 Bg7 4. Bg2 O-O 5. O-O d6 6. c4 Nc6 7. Nc3 Bf5 8. Nh4
Bg4 9. h3 Bd7 10. e4 e5 11. Nf3 exd4 12. Nxd4 Nxd4 13. Qxd4 Ng4 14. Qd3 Ne5 15.
Qe2 Be6 16. Nd5 Nxc4 17. Qxc4 c6 18. Qb4 cxd5 19. exd5 Bc8 20. Bf4 Be5 21. Bxe5
dxe5 22. Rfe1 Re8 23. Rad1 a5 24. Qc5 b6 25. Qc6 Bd7 26. Qb7 Ba4 27. b3 Rb8 28.
Qa6 Bd7 29. d6 Qc8 30. Qa7 Qd8 31. Rc1 Rc8 32. Rc7 Rxc7 33. dxc7 Qf6 34. Rd1
Bc8 35. Qb8 Kg7 36. Bb7 Qe6 37. Rd8 Bxb7 38. Qxb7 1-0

[Event "MCR mladeze 2014, H14"]
[Site "Kouty nad Desnou"]
[Date "2014.03.11"]
[Round "4"]
[White "Sedlak, Jiri"]
[Black "Wagner, Vojtech"]
[Result "0-1"]
[WhiteElo "1753"]
[BlackElo "1907"]
[PlyCount "28"]
[EventDate "2014.??.??"]

1. e4 e5 2. Nf3 Nc6 3. d4 exd4 4. Nxd4 Nf6 5. Nxc6 bxc6 6. e5 Nd5 7. c4 Nb6 8.
Nc3 Ba6 9. b3 Bb4 10. Bb2 Qg5 11. Qe2 Nd5 12. h4 Qf4 13. g3 Qd4 14. Rc1 Nxc3
0-1

[Event "MCR mladeze 2014, H14"]
[Site "Kouty nad Desnou"]
[Date "2014.03.11"]
[Round "4"]
[White "Chwistek, Karel"]
[Black "Vykouk, Jan"]
[Result "0-1"]
[WhiteElo "1697"]
[BlackElo "2088"]
[PlyCount "104"]
[EventDate "2014.??.??"]

1. e4 c5 2. Nc3 Nc6 3. f4 g6 4. Nf3 Bg7 5. Bc4 e6 6. f5 Nge7 7. fxe6 fxe6 8.
O-O O-O 9. d3 d5 10. Bb3 h6 11. a4 b6 12. Qe1 Nd4 13. Nxd4 Rxf1+ 14. Qxf1 cxd4
15. Nb5 a6 16. Na3 Bb7 17. Qe2 Qd7 18. Bf4 Rf8 19. Rf1 g5 20. Bg3 Rxf1+ 21.
Kxf1 Kh8 22. exd5 exd5 23. Kg1 Ng6 24. Nb1 Bc6 25. Qf3 Bxa4 26. Bxd5 Bxc2 27.
Na3 Bd1 28. Qe4 Ne7 29. Bb7 Bb3 30. Be5 a5 31. Nb5 Qxb5 32. Bxg7+ Kxg7 33.
Qxe7+ Bf7 34. Be4 Qc5 35. Qd7 Qc1+ 36. Kf2 Qxb2+ 37. Kg3 Qa1 38. h3 Qe1+ 39.
Kh2 Qe3 40. Kh1 Qc1+ 41. Kh2 Qf4+ 42. Kh1 Qe5 43. Bc6 Qc5 44. Kh2 Qe5+ 45. Kh1
h5 46. Kg1 Qe3+ 47. Kh2 h4 48. Bd5 Qe5+ 49. Kh1 Qxd5 50. Qc7 Qc5 51. Qd8 a4 52.
Qa8 a3 0-1

[Event "MCR mladeze 2014, H14"]
[Site "Kouty nad Desnou"]
[Date "2014.03.11"]
[Round "4"]
[White "Miesbauer, Jan"]
[Black "Anaskin, Arsenij"]
[Result "1-0"]
[WhiteElo "1991"]
[BlackElo "1977"]
[PlyCount "89"]
[EventDate "2014.??.??"]

1. d4 Nf6 2. c4 g6 3. Nc3 Bg7 4. e4 d6 5. f4 O-O 6. Nf3 Nbd7 7. Be2 c5 8. d5 b6
9. O-O Bb7 10. Qc2 a6 11. a4 Qc7 12. Bd2 Rae8 13. Rae1 e6 14. h3 exd5 15. cxd5
c4 16. g4 b5 17. axb5 axb5 18. g5 Nh5 19. Kg2 Qb6 20. Nh4 Nc5 21. Be3 Bc8 22.
f5 Be5 23. Bxh5 gxh5 24. f6 Qc7 25. Bxc5 Qxc5 26. Qe2 Kh8 27. Qxh5 Bxc3 28.
bxc3 Re5 29. Nf3 Ree8 30. Nd4 Re5 31. Kh2 Qa3 32. Rf4 Rxg5 33. Qxg5 Rg8 34. Qh4
Qxc3 35. Rg1 Rxg1 36. Kxg1 Qxd4+ 37. Kh2 Qb2+ 38. Rf2 Qe5+ 39. Kg2 b4 40. Ra2
Bb7 41. Ra7 Bxd5 42. Re7 Qb2+ 43. Qf2 Qxf2+ 44. Kxf2 Bc6 45. Rc7 1-0

[Event "MCR mladeze 2014, H14"]
[Site "Kouty nad Desnou"]
[Date "2014.03.11"]
[Round "4"]
[White "Danek, Daniel"]
[Black "Havelka, Ondrej"]
[Result "1-0"]
[WhiteElo "1827"]
[BlackElo "1642"]
[PlyCount "105"]
[EventDate "2014.??.??"]

1. d4 d5 2. Bg5 Nf6 3. Bxf6 exf6 4. c4 c6 5. e3 g6 6. Nc3 dxc4 7. Bxc4 Bg7 8.
Qf3 O-O 9. O-O-O Be6 10. d5 cxd5 11. Bxd5 Bxd5 12. Rxd5 Qc7 13. Nge2 Nc6 14.
Kb1 Ne5 15. Qg3 Rfd8 16. Rhd1 Rac8 17. Qf4 Rxd5 18. Rxd5 Rd8 19. f3 f5 20. Qh4
Rxd5 21. Nxd5 Qa5 22. Nec3 Qa6 23. Ne7+ Kh8 24. Nxf5 Qd3+ 25. Kc1 gxf5 26. Qe7
Qd7 27. Nd5 Nd3+ 28. Kd2 Qxe7 29. Nxe7 Nxb2 30. Nxf5 Nc4+ 31. Kd3 b5 32. Ne7
Nd6 33. Nc6 a6 34. e4 Nc4 35. f4 Kg8 36. e5 Kf8 37. Kd4 Ke8 38. g4 f6 39. Ke4
fxe5 40. fxe5 a5 41. e6 a4 42. h4 Bf6 43. g5 Be7 44. Kf5 b4 45. Nd4 Ne3+ 46.
Kf4 Nd5+ 47. Kf5 h6 48. gxh6 Bf6 49. Nc2 b3 50. axb3 axb3 51. Na3 Bxh4 52. Ke5
Nb6 53. h7 1-0

[Event "MCR mladeze 2014, H14"]
[Site "Kouty nad Desnou"]
[Date "2014.03.11"]
[Round "4"]
[White "Filip, Tomas"]
[Black "Parizek, Vojtech"]
[Result "0-1"]
[WhiteElo "1590"]
[BlackElo "1712"]
[PlyCount "78"]
[EventDate "2014.??.??"]

1. e4 c5 2. Nf3 e6 3. d4 cxd4 4. Nxd4 a6 5. a3 Qc7 6. Nc3 Nf6 7. Nb3 Be7 8. f3
O-O 9. Be3 d6 10. Qd2 b5 11. O-O-O Bb7 12. g4 Nc6 13. Kb1 b4 14. axb4 Nxb4 15.
Na4 d5 16. Bc5 Nc6 17. exd5 Nxd5 18. Bg2 Rfd8 19. Qf2 Bf6 20. Nb6 Qe5 21. Nc4
Nc3+ 22. Kc1 Nxd1 23. Rxd1 Rxd1+ 24. Kxd1 Rd8+ 25. Kc1 Bg5+ 26. Be3 Bxe3+ 27.
Nxe3 Nb4 28. Kb1 Qc7 29. h3 a5 30. Qe1 Qb6 31. Nc4 Qb5 32. Ncxa5 Bd5 33. Bf1
Qa4 34. Be2 Bxb3 35. Nxb3 Nxc2 36. Qh4 Rc8 37. Bd3 Na3+ 38. Ka2 Nc4+ 39. Kb1
Nd2+ 0-1

[Event "MCR mladeze 2014, H14"]
[Site "Kouty nad Desnou"]
[Date "2014.03.11"]
[Round "4"]
[White "Vystrcil, Martin"]
[Black "Simet, Martin"]
[Result "1/2-1/2"]
[WhiteElo "1783"]
[BlackElo "1777"]
[PlyCount "56"]
[EventDate "2014.??.??"]

1. e4 c5 2. Nf3 d6 3. d4 cxd4 4. Nxd4 Nf6 5. Nc3 a6 6. Be2 e6 7. O-O Be7 8. Be3
Qc7 9. a4 Nc6 10. f4 O-O 11. Kh1 Re8 12. Qe1 Nd7 13. Qg3 Rb8 14. f5 Nxd4 15.
Bxd4 e5 16. Ba7 Ra8 17. Be3 Nf6 18. Bg5 b6 19. Qh4 Bb7 20. Bf3 Rad8 21. Rfd1
Rd7 22. Bxf6 Bxf6 23. Qf2 Rc8 24. g4 Qd8 25. Nd5 Bxd5 26. Rxd5 Rc5 27. Rad1 Qc7
28. Rxc5 dxc5 1/2-1/2

[Event "MCR mladeze 2014, H14"]
[Site "Kouty nad Desnou"]
[Date "2014.03.11"]
[Round "4"]
[White "Jelinek, Michal"]
[Black "Vraj, Karel"]
[Result "1-0"]
[WhiteElo "1870"]
[BlackElo "1593"]
[PlyCount "179"]
[EventDate "2014.??.??"]

1. d4 d5 2. c4 e6 3. Nc3 Nf6 4. Bg5 Be7 5. Nf3 O-O 6. e3 Nbd7 7. Qc2 c6 8. cxd5
exd5 9. Bd3 h6 10. Bh4 b6 11. O-O Bb7 12. Rfd1 Rc8 13. Bf5 Ra8 14. Rac1 Re8 15.
Ne2 Kh8 16. Bg3 Nh5 17. Nf4 Nxf4 18. Bxf4 Bf6 19. Bh3 Kg8 20. Qf5 Nf8 21. Be5
Nh7 22. Bxf6 Nxf6 23. Ne5 Qd6 24. Rc2 c5 25. Rdc1 Bc8 26. Qf3 Bxh3 27. Qxh3 Re6
28. Qf3 c4 29. Nxc4 Qb4 30. a3 Qb5 31. Ne5 Rae8 32. Qe2 Qa4 33. Rc7 R6e7 34.
Rxe7 Rxe7 35. Rc8+ Re8 36. Rc7 Qa5 37. g3 Rf8 38. Qc2 Ne4 39. Rc8 g6 40. Rxf8+
Kxf8 41. Kg2 Qe1 42. Nd3 Qa5 43. Nb4 Qb5 44. Qd3 Qd7 45. h4 Qe6 46. f3 Nd6 47.
b3 Kg7 48. Nc6 Nf5 49. Nxa7 Nxe3+ 50. Kf2 Nf5 51. Nb5 Qc8 52. Qc3 Qe8 53. a4
Qe6 54. Qd3 Qc8 55. Qc3 Qe6 56. Qd3 Qc8 57. Qe2 Qc6 58. Qe5+ Kh7 59. Qc7 Qe6
60. Qe5 Qc6 61. Qc7 Qe6 62. Qc1 Ng7 63. g4 Qf6 64. Kg3 Qe6 65. Qd2 h5 66. Nc7
Qc6 67. Qf4 Kg8 68. Nb5 hxg4 69. fxg4 Qc2 70. Nd6 Qxb3+ 71. Qf3 Qb1 72. Qxf7+
Kh7 73. Qxd5 Qg1+ 74. Kf4 Qf2+ 75. Ke5 Qg3+ 76. Kf6 Qxh4+ 77. g5 Qf4+ 78. Ke7
Qe3+ 79. Ne4 Qa3+ 80. Kf7 Nh5 81. Nf6+ Nxf6 82. gxf6 Kh6 83. Qh1+ Kg5 84. Qd5+
Kh6 85. Qh1+ Kg5 86. Kg7 Qxa4 87. Qd5+ Kg4 88. Qe4+ Kh3 89. f7 Qd7 90. Kg8 1-0

[Event "MCR mladeze 2014, H14"]
[Site "Kouty nad Desnou"]
[Date "2014.03.11"]
[Round "4"]
[White "Jurasek, Vojtech"]
[Black "Novy, Filip"]
[Result "1-0"]
[WhiteElo "1498"]
[BlackElo "1817"]
[PlyCount "133"]
[EventDate "2014.??.??"]

1. d4 Nf6 2. c4 g6 3. Nf3 Bg7 4. Nc3 O-O 5. Bg5 d6 6. e3 c6 7. Qc2 Nbd7 8. Be2
a6 9. O-O Re8 10. Rfd1 h6 11. Bh4 g5 12. Bg3 Nh5 13. Rac1 Nxg3 14. hxg3 Nf6 15.
Nd2 Ng4 16. b4 f5 17. c5 d5 18. Na4 Rf8 19. Nb6 Rb8 20. Nxc8 Qxc8 21. Bxg4 fxg4
22. Nb3 Qe6 23. Rf1 h5 24. Rce1 Rbd8 25. e4 Qg6 26. Re2 e6 27. e5 Qh6 28. f3 h4
29. gxh4 g3 30. Rfe1 Qxh4 31. Rd2 Qh2+ 32. Kf1 Qh1+ 33. Ke2 Qxg2+ 34. Kd1 Qxf3+
35. Kc1 g4 36. Rg1 Rf5 37. Rdg2 Bh6+ 38. Kb2 Qe3 39. Rxg3 Rf2 40. Rxe3 Rxc2+
41. Kxc2 Bxe3 42. Rxg4+ Kh7 43. Na5 Rd7 44. Kd3 Bh6 45. Nb3 Rf7 46. Rg3 Rf2 47.
a4 Rf7 48. Kc3 Rf2 49. Na5 Rf7 50. b5 axb5 51. axb5 cxb5 52. Kb4 Rf1 53. Nxb7
Rb1+ 54. Rb3 Bd2+ 55. Ka3 b4+ 56. Ka4 Ra1+ 57. Kb5 Ra3 58. Na5 Rxb3 59. Nxb3
Bg5 60. Kxb4 Kg6 61. c6 Bd8 62. Nc5 Kf7 63. Na6 Be7+ 64. Kb5 Ke8 65. Nc7+ Kf7
66. Kb6 Bd8 67. Kb7 1-0

[Event "MCR mladeze 2014, H14"]
[Site "Kouty nad Desnou"]
[Date "2014.03.11"]
[Round "4"]
[White "Lojek, Marek"]
[Black "Oplustil, David"]
[Result "1-0"]
[WhiteElo "1776"]
[BlackElo "1488"]
[PlyCount "77"]
[EventDate "2014.??.??"]

1. e4 c5 2. Nf3 d6 3. d4 cxd4 4. Nxd4 Nf6 5. Nc3 g6 6. Be2 Bg7 7. Be3 O-O 8.
O-O Nc6 9. Nb3 Bd7 10. f4 Rc8 11. f5 Ne5 12. Nd2 a6 13. g4 Bc6 14. g5 Nfd7 15.
a4 a5 16. Nb3 b6 17. Nd4 Qc7 18. Nxc6 Qxc6 19. Nd5 Rfe8 20. c4 e6 21. fxe6 fxe6
22. Nc3 Nxc4 23. Bxc4 Qxc4 24. Qxd6 Rcd8 25. Qf4 Rf8 26. Qg4 Nc5 27. Bxc5 Qxc5+
28. Kh1 Qc4 29. Rfc1 Qb3 30. Qe2 Rf4 31. Qe3 Rdf8 32. Rab1 Rf2 33. Nd5 Qxe3 34.
Nxe3 R8f4 35. Rc8+ Bf8 36. Nc4 Rh4 37. Kg1 Rhxh2 38. Ne3 Re2 39. Rf1 1-0

[Event "MCR mladeze 2014, H14"]
[Site "Kouty nad Desnou"]
[Date "2014.03.11"]
[Round "4"]
[White "Steinbauer, Filip"]
[Black "Pulpan, Matej"]
[Result "1-0"]
[WhiteElo "1637"]
[BlackElo "1774"]
[PlyCount "53"]
[EventDate "2014.??.??"]

1. e4 e6 2. d4 d5 3. Nc3 Bb4 4. Bd2 dxe4 5. Qg4 Nf6 6. Qxg7 Rg8 7. Qh6 Qxd4 8.
O-O-O Bf8 9. Qh4 Rg4 10. Qh3 Qxf2 11. Be2 Rh4 12. Qxh4 Qxh4 13. g3 Qh6 14. Bxh6
Bxh6+ 15. Kb1 a6 16. Nh3 b5 17. Rhf1 Bg7 18. Nf4 Bb7 19. Nh5 Nxh5 20. Bxh5 Bxc3
21. bxc3 Bd5 22. Rxf7 Nd7 23. Rxh7+ Kd8 24. Rxd5 exd5 25. Rh8+ Ke7 26. Rxa8 Nf6
27. Be2 1-0

[Event "MCR mladeze 2014, H14"]
[Site "Kouty nad Desnou"]
[Date "2014.03.11"]
[Round "4"]
[White "Zitny, Michal"]
[Black "Kriz, Vojtech"]
[Result "1/2-1/2"]
[WhiteElo "1566"]
[BlackElo "1565"]
[PlyCount "50"]
[EventDate "2014.??.??"]

1. c4 e5 2. Nc3 Nf6 3. Nf3 Nc6 4. g3 d5 5. cxd5 Nxd5 6. Bg2 Nb6 7. O-O Be7 8.
d3 O-O 9. Bd2 Be6 10. a3 a5 11. Qc1 Kh8 12. Be3 f5 13. Bg5 Qd7 14. Bxe7 Qxe7
15. Qg5 Qxg5 16. Nxg5 Bg8 17. Rac1 Rab8 18. e3 f4 19. Nge4 Nd5 20. Nxd5 Bxd5
21. Rc5 Rbd8 22. Bf3 h6 23. Kg2 Rd7 24. Bg4 Bxe4+ 25. Bf3 Bd5 1/2-1/2

[Event "MCR mladeze 2014, H14"]
[Site "Kouty nad Desnou"]
[Date "2014.03.11"]
[Round "5"]
[White "Vykouk, Jan"]
[Black "Liska, Jiri"]
[Result "1-0"]
[WhiteElo "2088"]
[BlackElo "1911"]
[PlyCount "37"]
[EventDate "2014.??.??"]

1. e4 c5 2. Nf3 Nc6 3. Nc3 Nd4 4. Bc4 g6 5. Nxd4 cxd4 6. Qf3 e6 7. Nb5 Qb6 8.
Qf4 d6 9. e5 d5 10. Bd3 Bc5 11. b4 Bf8 12. Bb2 Bxb4 13. Bxd4 Qd8 14. Bxa7 Be7
15. Qd4 Kf8 16. Bb6 Qd7 17. a4 Kg7 18. Nc7 Rb8 19. Bb5 1-0

[Event "MCR mladeze 2014, H14"]
[Site "Kouty nad Desnou"]
[Date "2014.03.11"]
[Round "5"]
[White "Wagner, Vojtech"]
[Black "Miesbauer, Jan"]
[Result "0-1"]
[WhiteElo "1907"]
[BlackElo "1991"]
[PlyCount "92"]
[EventDate "2014.??.??"]

1. d4 Nf6 2. Nf3 g6 3. g3 Bg7 4. Bg2 O-O 5. O-O d6 6. c4 Nbd7 7. Nc3 e5 8. e4
exd4 9. Nxd4 Re8 10. Re1 a5 11. Ndb5 Ne5 12. c5 dxc5 13. Qxd8 Rxd8 14. Nxc7 Rb8
15. Bg5 h6 16. Bxf6 Bxf6 17. N7d5 Bg7 18. Red1 Bg4 19. Rdc1 Nd3 20. Rc2 Nb4 21.
Nxb4 axb4 22. Nd5 Bd4 23. h3 Be6 24. Re1 Kf8 25. b3 b6 26. Kf1 Bc8 27. Bf3
Bxh3+ 28. Kg1 Bc8 29. Kg2 h5 30. Kh2 Bd7 31. Rd1 Bb5 32. Bg2 Rd7 33. Kg1 Kg7
34. Kh2 f6 35. Bf3 Rd6 36. Kg2 Bc6 37. Re2 Rb7 38. Red2 f5 39. Ne3 fxe4 40. Be2
Rf6 41. Kg1 b5 42. Bf1 Rbf7 43. Bg2 Rxf2 44. Rxf2 Bxe3 45. Rdd2 Rxf2 46. Rxf2
Bxf2+ 0-1

[Event "MCR mladeze 2014, H14"]
[Site "Kouty nad Desnou"]
[Date "2014.03.11"]
[Round "5"]
[White "Parizek, Vojtech"]
[Black "Danek, Daniel"]
[Result "1-0"]
[WhiteElo "1712"]
[BlackElo "1827"]
[PlyCount "95"]
[EventDate "2014.??.??"]

1. e4 Nc6 2. Nf3 d6 3. d4 Bg4 4. Be3 Nf6 5. h3 Bh5 6. Nc3 e6 7. Bb5 a6 8. Ba4
d5 9. g4 Bg6 10. Ne5 Bb4 11. Nxc6 Bxc3+ 12. bxc3 Qd7 13. Qb1 bxc6 14. e5 Ne4
15. Qb4 a5 16. Qa3 f6 17. h4 h5 18. f3 hxg4 19. fxe4 Bxe4 20. Rf1 f5 21. Bg5
Ra6 22. Rb1 Kf7 23. Rb7 Rc8 24. Qd6 Ke8 25. Qc5 g3 26. Rg1 g2 27. Kf2 Kf7 28.
Rgb1 Qe8 29. Qd6 Kg8 30. Rxc7 Rxc7 31. Qxc7 Kh7 32. Rb7 Qg6 33. Kg1 f4 34. Bf6
f3 35. Qxg7+ Qxg7 36. Rxg7+ Kh6 37. Rb7 Kh5 38. c4 Kg4 39. Rg7+ Kh3 40. c5 Bf5
41. Kf2 Bg4 42. h5 Bxh5 43. Rg5 Bg4 44. Rg8 Bh5 45. Rh8 Kg4 46. c3 Bg6 47. Rh4+
Kf5 48. Bc2# 1-0

[Event "MCR mladeze 2014, H14"]
[Site "Kouty nad Desnou"]
[Date "2014.03.11"]
[Round "5"]
[White "Hurdzan, Tomas"]
[Black "Jelinek, Michal"]
[Result "1-0"]
[WhiteElo "1866"]
[BlackElo "1870"]
[PlyCount "59"]
[EventDate "2014.??.??"]

1. e4 e6 2. d4 d5 3. Nc3 Bb4 4. e5 c5 5. a3 Bxc3+ 6. bxc3 Ne7 7. f4 Qc7 8. Be3
Nf5 9. Qd2 c4 10. Nf3 h5 11. g3 Bd7 12. Bg2 Ba4 13. Bf2 Nc6 14. O-O Ke7 15. h3
g6 16. g4 Nh6 17. Bh4+ Kd7 18. Bf6 hxg4 19. hxg4 Nxg4 20. Bxh8 Rxh8 21. Ng5 Kc8
22. Qe2 Nh6 23. Bh3 Ne7 24. Nxf7 Nxf7 25. Bxe6+ Bd7 26. Bxf7 Nf5 27. e6 Ng3 28.
exd7+ Qxd7 29. Qe6 Nxf1 30. Rxf1 1-0

[Event "MCR mladeze 2014, H14"]
[Site "Kouty nad Desnou"]
[Date "2014.03.11"]
[Round "5"]
[White "Anaskin, Arsenij"]
[Black "Chwistek, Karel"]
[Result "1-0"]
[WhiteElo "1977"]
[BlackElo "1697"]
[PlyCount "119"]
[EventDate "2014.??.??"]

1. e4 c5 2. Nf3 Nc6 3. d4 cxd4 4. Nxd4 g6 5. Nc3 Bg7 6. Nde2 Nf6 7. g3 O-O 8.
Bg2 d6 9. O-O Be6 10. h3 Bc4 11. Re1 Nd7 12. Rb1 a6 13. b3 Be6 14. Nd5 Rc8 15.
a3 Bxd5 16. exd5 Na7 17. a4 b5 18. Be3 Rc7 19. Nd4 Nc5 20. axb5 Nxb5 21. Ra1
Nxd4 22. Bxd4 Bxd4 23. Qxd4 Qb8 24. Bf1 Re8 25. Rec1 a5 26. Rd1 Ra7 27. Ra2 Qb7
28. Rda1 Rea8 29. h4 Qd7 30. Qd2 a4 31. b4 Ne4 32. Qd4 Nf6 33. b5 Qb7 34. Rxa4
Rxa4 35. Rxa4 Rxa4 36. Qxa4 Qxd5 37. b6 Kg7 38. Qa7 Qd4 39. c3 Qc5 40. Qc7 Ne4
41. Qxc5 Nxc5 42. Bb5 Kf6 43. f3 e5 44. Kf2 Ke6 45. Ke3 d5 46. f4 f6 47. g4 Kd6
48. g5 exf4+ 49. Kxf4 f5 50. c4 d4 51. Be8 Ne6+ 52. Kf3 Nd8 53. Ke2 Kc5 54. Kd3
Nc6 55. b7 Nb8 56. Bxg6 hxg6 57. h5 f4 58. h6 f3 59. h7 f2 60. Ke4 1-0

[Event "MCR mladeze 2014, H14"]
[Site "Kouty nad Desnou"]
[Date "2014.03.11"]
[Round "5"]
[White "Havelka, Ondrej"]
[Black "Vystrcil, Martin"]
[Result "0-1"]
[WhiteElo "1642"]
[BlackElo "1783"]
[PlyCount "170"]
[EventDate "2014.??.??"]

1. d4 Nf6 2. c4 g6 3. Nc3 Bg7 4. e4 d6 5. f3 O-O 6. Be3 e5 7. Nge2 exd4 8. Nxd4
Bd7 9. Be2 Nc6 10. Qd2 a6 11. O-O Re8 12. Nd5 Rc8 13. Rac1 Kh8 14. Rfd1 Ng8 15.
b4 Nce7 16. Bg5 h6 17. Bh4 g5 18. Bf2 f5 19. exf5 Nxf5 20. Nxf5 Bxf5 21. Bd4
Qd7 22. g4 Bh7 23. f4 gxf4 24. Nxf4 Re4 25. Bxg7+ Qxg7 26. Bf3 Re5 27. Qg2 Rf8
28. Nh5 Rxh5 29. gxh5 Rxf3 30. c5 d5 31. Rxd5 Qxg2+ 32. Kxg2 Be4 33. Rdd1 Rc3+
34. Kg1 Rxc1 35. Rxc1 Nf6 36. Re1 Kg7 37. Kf2 Kf7 38. Ke3 Bf5 39. Kd4 Be6 40.
Ke5 Nd7+ 41. Kd4 Bxa2 42. Rf1+ Ke7 43. Rg1 Bf7 44. Re1+ Kd8 45. Rg1 Bxh5 46.
Rg8+ Ke7 47. Rh8 Bf7 48. Rxh6 Nb8 49. h4 Nc6+ 50. Kc3 Kf8 51. Rh8+ Bg8 52. Rh5
Be6 53. Rh7 Ne7 54. Rh6 Bf7 55. Rh8+ Ng8 56. Kd4 Kg7 57. Rxg8+ Kxg8 58. Ke5 Kg7
59. Kf5 Kh6 60. Kf6 Bd5 61. Ke7 Bc6 62. Kd8 Kh5 63. Kxc7 Kxh4 64. Kd6 Kg4 65.
Ke5 Kf3 66. Kd4 Ke2 67. Kc3 Ke3 68. Kc4 Ke4 69. Kc3 Kd5 70. Kd3 Bb5+ 71. Kc3
Ke4 72. Kc2 Kd4 73. Kb3 Kd3 74. Kb2 Kc4 75. Ka3 Kc3 76. Ka2 Kxb4 77. Kb2 Kxc5
78. Kc3 Bc4 79. Kb2 b5 80. Kc3 b4+ 81. Kc2 Kd4 82. Kd2 b3 83. Kd1 Kc3 84. Kc1
b2+ 85. Kb1 Bd3+ 0-1

[Event "MCR mladeze 2014, H14"]
[Site "Kouty nad Desnou"]
[Date "2014.03.11"]
[Round "5"]
[White "Simet, Martin"]
[Black "Sedlak, Jiri"]
[Result "1-0"]
[WhiteElo "1777"]
[BlackElo "1753"]
[PlyCount "45"]
[EventDate "2014.??.??"]

1. e4 c5 2. Nf3 Nc6 3. d4 cxd4 4. Nxd4 g6 5. c4 Bg7 6. Be3 Nf6 7. Nc3 e6 8.
Ndb5 O-O 9. Bc5 Ne7 10. Qd6 b6 11. Qxe7 bxc5 12. Qxc5 d5 13. Rd1 a6 14. cxd5
axb5 15. dxe6 Qe8 16. e7 Ba6 17. Be2 Rc8 18. exf8=Q+ Bxf8 19. Nd5 Nxe4 20. Qe3
Bg7 21. f3 Nf6 22. Qxe8+ Nxe8 23. Ne7+ 1-0

[Event "MCR mladeze 2014, H14"]
[Site "Kouty nad Desnou"]
[Date "2014.03.11"]
[Round "5"]
[White "Steinbauer, Filip"]
[Black "Lojek, Marek"]
[Result "0-1"]
[WhiteElo "1637"]
[BlackElo "1776"]
[PlyCount "96"]
[EventDate "2014.??.??"]

1. e4 e5 2. Nf3 Nc6 3. Bc4 Bc5 4. b4 Bxb4 5. c3 Ba5 6. d4 d6 7. Qb3 Qd7 8. O-O
exd4 9. Re1 Ne5 10. Nxd4 Nxc4 11. Qxc4 Ne7 12. Ba3 O-O 13. e5 Re8 14. exd6 cxd6
15. Nb5 Nf5 16. Nd2 a6 17. Rxe8+ Qxe8 18. Nxd6 Nxd6 19. Bxd6 Be6 20. Qc5 b5 21.
Be5 Qd8 22. Qe3 Rc8 23. Bd4 Bc7 24. a4 Qd6 25. Qg3 Qxd4 26. cxd4 Bxg3 27. hxg3
Rc2 28. axb5 axb5 29. Ra8+ Rc8 30. Rxc8+ Bxc8 31. Kf1 Kf8 32. Ke2 Ke7 33. Kd3
Kd6 34. Kc3 Kd5 35. Nf3 f6 36. Ne1 Bf5 37. Nf3 Be4 38. Ne1 h5 39. f3 Bf5 40. g4
hxg4 41. fxg4 Be4 42. g5 fxg5 43. g4 g6 44. Kb4 Kxd4 45. Kxb5 Ke3 46. Kc4 Ke2
47. Kd4 Kxe1 48. Kxe4 Kf2 0-1

[Event "MCR mladeze 2014, H14"]
[Site "Kouty nad Desnou"]
[Date "2014.03.11"]
[Round "5"]
[White "Filip, Tomas"]
[Black "Jurasek, Vojtech"]
[Result "0-1"]
[WhiteElo "1590"]
[BlackElo "1498"]
[PlyCount "34"]
[EventDate "2014.??.??"]

1. e4 c5 2. Nf3 e6 3. d4 cxd4 4. Nxd4 a6 5. Nc3 Qc7 6. Be3 Bb4 7. Qd2 Nf6 8. f3
d5 9. exd5 Nxd5 10. Nde2 Nxe3 11. Qxe3 O-O 12. O-O-O Bc5 13. Qe4 b5 14. g4 Bb7
15. Qd3 Nc6 16. Ne4 Nb4 17. Qd2 Be3 0-1

[Event "MCR mladeze 2014, H14"]
[Site "Kouty nad Desnou"]
[Date "2014.03.11"]
[Round "5"]
[White "Novy, Filip"]
[Black "Pulpan, Matej"]
[Result "0-1"]
[WhiteElo "1817"]
[BlackElo "1774"]
[PlyCount "92"]
[EventDate "2014.??.??"]

1. e4 e6 2. d4 d5 3. Nc3 Bb4 4. e5 c5 5. Bd2 Ne7 6. Nb5 Bxd2+ 7. Qxd2 O-O 8. f4
Bd7 9. Nd6 cxd4 10. Nf3 Nbc6 11. O-O-O Qc7 12. Nb5 Qb6 13. Nbxd4 Rfc8 14. g4
Nxd4 15. Nxd4 Nc6 16. h4 Nxd4 17. Qxd4 Qa5 18. Kb1 Bb5 19. b3 Bxf1 20. Rdxf1
Rc3 21. Rh2 Rac8 22. g5 Qb5 23. Rff2 a5 24. h5 Rg3 25. Rh1 Qc6 26. Qd1 a4 27.
g6 fxg6 28. hxg6 Rxg6 29. Rfh2 axb3 30. cxb3 h6 31. Qd3 Qe8 32. f5 exf5 33.
Qxd5+ Qf7 34. Qf3 Re8 35. Re2 Rge6 36. Qf4 g5 37. Qd4 Qg7 38. Rhe1 f4 39. Qd5
Kh7 40. Kb2 R8e7 41. Kc3 Rc6+ 42. Kb2 Qf7 43. e6 Qf6+ 44. Ka3 Qc3 45. Qe4+ Kg7
46. Ka4 Ra6+ 0-1